[Event "SLO-chT 28th"]
[Site "Slovenia"]
[Date "2018.12.14"]
[Round "7.3"]
[White "Mejak, Severin"]
[Black "Tomazini, Aljosa"]
[Result "0-1"]
[WhiteElo "2253"]
[BlackElo "2363"]
[PlyCount "60"]
[EventDate "2018.11.02"]
[EventType "team-tourn"]
[EventRounds "9"]
[EventCountry "SLO"]
[SourceTitle "CBM 187 Extra"]
[Source "ChessBase"]
[SourceDate "2018.11.04"]
[SourceVersion "1"]
[SourceVersionDate "2018.11.04"]
[SourceQuality "1"]
[WhiteTeam "Novo Mesto Krka"]
[BlackTeam "Slovenska Bistrica Impol"]
[WhiteTeamCountry "SLO"]
[BlackTeamCountry "SLO"]

1. d4 d6 2. Nf3 Bg4 3. Nbd2 Nd7 4. c3 c6 5. e4 e5 6. Qb3 Qb6 7. Qc2 Ngf6 8. Be2 Be7 9. Nc4 Qc7 10. Ne3 Bxf3 11. Bxf3 0-0 12. g4 d5 13. exd5 Nxd5 14. Bxd5 cxd5 15. Nxd5 Qd6 16. Nxe7+ Qxe7 17. 0-0 exd4 18. cxd4 Nb6 19. Bf4 Qd7 20. Qd1 Rfe8 21. f3 Rac8 22. Rf2 Rc4 23. Rd2 Nd5 24. Bg3 Qc6 25. Qf1 Rd8 26. Re1 Nb6 27. Qf2 h6 28. Re5 Rc1+ 29. Kg2 Nc4 30. Rc5 Qxc5 0-1

[Event "SLO-chT 28th"]
[Site "Slovenia"]
[Date "2018.11.03"]
[Round "2.5"]
[White "Mejak, Severin"]
[Black "Ribli, Zoltan"]
[Result "0-1"]
[WhiteElo "2253"]
[BlackElo "2537"]
[PlyCount "71"]
[EventDate "2018.11.02"]
[EventType "team-tourn"]
[EventRounds "9"]
[EventCountry "SLO"]
[SourceTitle "CBM 187 Extra"]
[Source "ChessBase"]
[SourceDate "2018.11.04"]
[SourceVersion "1"]
[SourceVersionDate "2018.11.04"]
[SourceQuality "1"]
[WhiteTeam "Novo Mesto Krka"]
[BlackTeam "Pomgrad Radenska"]
[WhiteTeamCountry "SLO"]
[BlackTeamCountry "SLO"]

1. c4 e6 2. g3 d5 3. Nf3 Nf6 4. Bg2 dxc4 5. Qa4+ Bd7 6. Qxc4 c5 7. 0-0 Bc6 8. Qc2 Nbd7 9. Nc3 b5 10. a4 b4 11. Nd1 Be7 12. b3 0-0 13. Bb2 Rc8 14. Ne3 Nd5 15. Nc4 N5b6 16. Ne3 a5 17. Rac1 c4 18. Nxc4 Bxa4 19. d3 Nxc4 20. dxc4 Bc6 21. Rfd1 Qb6 22. Bd4 Qb7 23. Qb2 Bf6 24. Bxf6 Nxf6 25. Qe5 a4 26. bxa4 Bxa4 27. Ng5 Qb6 28. Rd4 Rc5 29. Rd6 Rxe5 30. Rxb6 Rxg5 31. Rxb4 Bd7 32. c5 Rc8 33. Rbc4 Bc6 34. e4 Rh5 35. Rd1 g5 36. e5 0-1

[Event "SLO-chT 28th"]
[Site "Slovenia"]
[Date "2018.11.02"]
[Round "1.2"]
[White "Tratar, Marko"]
[Black "Mejak, Severin"]
[Result "1-0"]
[WhiteElo "2454"]
[BlackElo "2253"]
[PlyCount "35"]
[EventDate "2018.11.02"]
[EventType "team-tourn"]
[EventRounds "9"]
[EventCountry "SLO"]
[SourceTitle "CBM 187 Extra"]
[Source "ChessBase"]
[SourceDate "2018.11.04"]
[SourceVersion "1"]
[SourceVersionDate "2018.11.04"]
[SourceQuality "1"]
[WhiteTeam "Maribor Branik"]
[BlackTeam "Novo Mesto Krka"]
[WhiteTeamCountry "SLO"]
[BlackTeamCountry "SLO"]

1. Nf3 c5 2. c4 Nf6 3. Nc3 b6 4. d4 cxd4 5. Nxd4 Bb7 6. f3 e5 7. Ndb5 d5 8. Nxd5 Nxd5 9. cxd5 Bb4+ 10. Bd2 Bxd5 11. e4 Bxd2+ 12. Qxd2 Be6 13. Qc3 Na6 14. Rd1 Qxd1+ 15. Kxd1 Rd8+ 16. Ke1 0-0 17. Nxa7 Nc5 18. b4 1-0

[Event "SLO-chT"]
[Site "Slovenia"]
[Date "2016.10.16"]
[Round "3"]
[White "Gjuran, Denis"]
[Black "Mejak, Severin"]
[Result "1/2-1/2"]
[WhiteElo "2361"]
[BlackElo "2222"]
[PlyCount "80"]
[EventDate "2016.10.14"]
[EventType "team-tourn"]
[EventRounds "9"]
[EventCountry "SLO"]
[SourceTitle "EXT 2017"]
[Source "ChessBase"]
[SourceDate "2016.10.25"]
[SourceVersion "1"]
[SourceVersionDate "2016.10.25"]
[SourceQuality "1"]
[WhiteTeam "Pomgrad Radenska"]
[BlackTeam "Novo Mesto Krka"]
[WhiteTeamCountry "SLO"]
[BlackTeamCountry "SLO"]

1. e4 c5 2. c3 Nf6 3. e5 Nd5 4. d4 cxd4 5. Nf3 Nc6 6. cxd4 d6 7. Bc4 dxe5 8. Nxe5 e6 9. 0-0 Be7 10. Re1 0-0 11. Nxc6 bxc6 12. Nc3 a5 13. Na4 Bf6 14. Bxd5 cxd5 15. Bf4 Bd7 16. Nc5 a4 17. Rc1 Bb5 18. Be5 Ra7 19. Rc3 Re8 20. Rg3 g6 21. Qd2 Bxe5 22. Rxe5 Qf6 23. Rf3 Qh4 24. Rh3 Qf6 25. Rf3 Qh4 26. Rg5 e5 27. Rxe5 Rxe5 28. dxe5 Qc4 29. Nd3 Qxa2 30. h3 a3 31. Qg5 axb2 32. Qd8+ Kg7 33. Qf6+ Kg8 34. Qd8+ Kg7 35. Qf6+ Kf8 36. Qd8+ Kg7 37. Qf6+ Kg8 38. Qd8+ Kg7 39. Qf6+ Kg8 40. Qd8+ Kg7 1/2-1/2

[Event "SLO-chT 25th"]
[Site "Otocec"]
[Date "2015.11.29"]
[Round "9.15"]
[White "Belsak, Zan"]
[Black "Mejak, Severin"]
[Result "1-0"]
[WhiteElo "2177"]
[BlackElo "2220"]
[PlyCount "81"]
[EventDate "2015.10.16"]
[EventType "team-tourn"]
[EventRounds "9"]
[EventCountry "SLO"]
[SourceTitle "EXT 2020"]
[Source "ChessBase"]
[SourceDate "2019.10.17"]
[SourceVersion "1"]
[SourceVersionDate "2019.10.17"]
[SourceQuality "1"]
[WhiteTeam "Ptuj"]
[BlackTeam "Novo Mesto Krka"]
[WhiteTeamCountry "SLO"]
[BlackTeamCountry "SLO"]

1. d4 d5 2. c4 e6 3. Nc3 Be7 4. Nf3 Nf6 5. Bg5 0-0 6. Qc2 h6 7. Bxf6 Bxf6 8. 0-0-0 Nc6 9. e4 dxe4 10. Qxe4 Be7 11. Bd3 f5 12. Qe3 Re8 13. Bc2 Bf6 14. Rhe1 Qe7 15. Ba4 Qb4 16. Qd3 Rd8 17. a3 Qf8 18. Qe3 Na5 19. Qe2 Kh8 20. Ne5 Kh7 21. f4 Nc6 22. Bxc6 bxc6 23. Na4 a5 24. Nc5 Rd6 25. Qc2 g6 26. h3 Be7 27. g4 Qf6 28. Rg1 Rxd4 29. Rxd4 Bxc5 30. Qd3 Bxd4 31. Qxd4 Rb8 32. Qa7 Rb7 33. Qa8 Qf8 34. gxf5 Qc5 35. fxg6+ Kg7 36. Re1 Qd4 37. Nd3 Qxd3 38. Qxc8 Qxc4+ 39. Kb1 Qd3+ 40. Ka1 Qd2 41. Rb1 1-0

[Event "SLO-chT U20"]
[Site "Otocec"]
[Date "2015.08.24"]
[Round "1"]
[White "Mejak, Severin"]
[Black "Unuk, Laura"]
[Result "0-1"]
[WhiteElo "2224"]
[BlackElo "2230"]
[PlyCount "81"]
[EventDate "2015.08.24"]
[EventType "team-tourn"]
[EventRounds "7"]
[EventCountry "SLO"]
[SourceTitle "EXT 2019"]
[Source "ChessBase"]
[SourceDate "2018.10.10"]
[SourceVersion "1"]
[SourceVersionDate "2018.10.10"]
[SourceQuality "1"]

1. d4 d5 2. c4 c6 3. Nf3 Nf6 4. Nc3 dxc4 5. e4 b5 6. e5 Nd5 7. a4 e6 8. axb5 Nxc3 9. bxc3 cxb5 10. Ng5 Bb7 11. Qg4 Be7 12. Be2 Bxg5 13. Bxg5 Qc7 14. Bc1 0-0 15. h4 f5 16. exf6 Rxf6 17. Bg5 Rf5 18. Rh3 Qf7 19. Qg3 Nc6 20. Bg4 Rd5 21. Qe3 Re8 22. Qe2 e5 23. Re3 h6 24. Bxh6 gxh6 25. Bh5 Qd7 26. Bxe8 Qxe8 27. Qg4+ Kh8 28. Qf5 Bc8 29. Qf6+ Kh7 30. dxe5 Qe6 31. Qf4 Rd7 32. Qe4+ Kh8 33. f4 Ne7 34. Rf3 Bb7 35. f5 Qb6 36. Qf4 Bxf3 37. Qxf3 Qg1+ 38. Ke2 Qxa1 39. Qa8+ Kh7 40. Qe8 Qd1+ 41. Kf2 0-1

[Event "Pardubice Czech op-A 26th"]
[Site "Pardubice"]
[Date "2015.08.01"]
[Round "9"]
[White "Szotkowski, Jakub"]
[Black "Mejak, Severin"]
[Result "1-0"]
[WhiteElo "2356"]
[BlackElo "2235"]
[PlyCount "85"]
[EventDate "2015.07.24"]
[EventType "swiss"]
[EventRounds "9"]
[EventCountry "CZE"]
[SourceTitle "CBM 167 Extra"]
[Source "ChessBase"]
[SourceDate "2015.09.14"]
[SourceVersion "1"]
[SourceVersionDate "2015.09.14"]
[SourceQuality "1"]

1. d4 d5 2. c4 e6 3. Nf3 Nf6 4. g3 dxc4 5. Bg2 Nc6 6. Qa4 Bb4+ 7. Bd2 Nd5 8. Ne5 Bd7 9. Nxd7 Qxd7 10. 0-0 Bxd2 11. Nxd2 Nb6 12. Qb5 Nxd4 13. Qxd7+ Kxd7 14. Rfd1 Kc8 15. Ne4 Nf5 16. Rd2 Rf8 17. Rad1 c6 18. Nc5 Kc7 19. a4 Rad8 20. a5 c3 21. bxc3 Nc4 22. Rd7+ Kc8 23. a6 b6 24. Bxc6 Nfd6 25. Rxd8+ Rxd8 26. Nb7 Rf8 27. Nxd6+ Nxd6 28. Rxd6 Kc7 29. Rd7+ Kxc6 30. Rxa7 Kb5 31. h4 Ka5 32. c4 h5 33. Kg2 g6 34. Kf3 e5 35. Ke4 f5+ 36. Kxe5 f4 37. gxf4 Re8+ 38. Kf6 Rxe2 39. Kxg6 Re4 40. f5 Rxh4 41. f6 Rf4 42. f7 h4 43. Ra8 1-0

[Event "Pardubice Czech op-A 26th"]
[Site "Pardubice"]
[Date "2015.07.30"]
[Round "7"]
[White "Tate, Alan"]
[Black "Mejak, Severin"]
[Result "1-0"]
[WhiteElo "2335"]
[BlackElo "2235"]
[PlyCount "75"]
[EventDate "2015.07.24"]
[EventType "swiss"]
[EventRounds "9"]
[EventCountry "CZE"]
[SourceTitle "CBM 167 Extra"]
[Source "ChessBase"]
[SourceDate "2015.09.14"]
[SourceVersion "1"]
[SourceVersionDate "2015.09.14"]
[SourceQuality "1"]

1. d4 g6 2. e4 Bg7 3. Nc3 c6 4. Nf3 d5 5. h3 Nf6 6. Bd3 dxe4 7. Nxe4 Nxe4 8. Bxe4 0-0 9. 0-0 Qb6 10. a4 Rd8 11. a5 Qc7 12. Qe2 Bxd4 13. Nxd4 Rxd4 14. Bh6 Be6 15. Rfe1 Rd8 16. h4 Qe5 17. Qf3 Qf6 18. Qg3 Nd7 19. a6 bxa6 20. Bxc6 Rac8 21. Bxd7 Rxd7 22. c3 Bc4 23. Re4 Qc6 24. Rae1 Qc7 25. Qe3 e6 26. Qg5 Qd8 27. Qf4 Bd5 28. Bg5 f6 29. Bxf6 Qf8 30. Rxe6 Bxe6 31. Rxe6 a5 32. Qe4 Rf7 33. Bd4 Rd8 34. Qe5 Rxd4 35. cxd4 Rf5 36. Re8 Rxe5 37. Rxf8+ Kxf8 38. dxe5 1-0

[Event "Pardubice Czech op-A 26th"]
[Site "Pardubice"]
[Date "2015.07.24"]
[Round "1"]
[White "Mejak, Severin"]
[Black "Pechac, Jergus"]
[Result "0-1"]
[WhiteElo "2235"]
[BlackElo "2511"]
[PlyCount "92"]
[EventDate "2015.07.24"]
[EventType "swiss"]
[EventRounds "9"]
[EventCountry "CZE"]
[SourceTitle "CBM 167 Extra"]
[Source "ChessBase"]
[SourceDate "2015.09.14"]
[SourceVersion "1"]
[SourceVersionDate "2015.09.14"]
[SourceQuality "1"]

1. d4 Nf6 2. c4 g6 3. Nf3 Bg7 4. g3 0-0 5. Bg2 c5 6. 0-0 cxd4 7. Nxd4 Nc6 8. Nc3 Ng4 9. e3 d6 10. b3 Nxd4 11. exd4 Nh6 12. Bb2 Nf5 13. Nd5 Bd7 14. Qd2 Bc6 15. Ne3 Bxg2 16. Kxg2 Nxe3+ 17. Qxe3 Rc8 18. Rac1 Qd7 19. Qe2 e6 20. d5 Bxb2 21. Qxb2 e5 22. f4 exf4 23. Rxf4 Rce8 24. Rcf1 Re5 25. Rf6 Qg4 26. R1f2 h5 27. R6f4 Qg5 28. Qc2 f5 29. c5 Qe7 30. b4 dxc5 31. bxc5 Rxd5 32. Qb3 Qf7 33. Rb4 Rd7 34. Qf3 Rfd8 35. h4 a5 36. Rb5 a4 37. Kh3 Rd5 38. Rfb2 Rd3 39. Qf4 Qd5 40. Qg5 Qh1+ 41. Rh2 Rxg3+ 42. Qxg3 Qf1+ 43. Rg2 Rd3 44. Rb6 Qh1+ 45. Rh2 Rxg3+ 46. Kxg3 f4+ 0-1

[Event "SLO-CupT"]
[Site "Novo Mesto"]
[Date "2015.03.29"]
[Round "5"]
[White "Tomazini, Zan"]
[Black "Mejak, Severin"]
[Result "1-0"]
[WhiteElo "2376"]
[BlackElo "2251"]
[PlyCount "49"]
[EventDate "2015.03.27"]
[EventType "team-swiss"]
[EventRounds "5"]
[EventCountry "SLO"]
[SourceTitle "EXT 2019"]
[Source "ChessBase"]
[SourceDate "2018.10.10"]
[SourceVersion "1"]
[SourceVersionDate "2018.10.10"]
[SourceQuality "1"]
[WhiteTeam "Slovenska Bistrica Impol"]
[BlackTeam "Novo Mesto Krka"]
[WhiteTeamCountry "SLO"]
[BlackTeamCountry "SLO"]

1. e4 c6 2. d4 d5 3. exd5 cxd5 4. c4 Nf6 5. Nc3 Nc6 6. Bg5 Be6 7. Be2 Qa5 8. c5 Ne4 9. Nf3 Nxg5 10. Nxg5 Bf5 11. a3 e6 12. b4 Qd8 13. f4 a6 14. 0-0 h6 15. Nf3 g5 16. Qd2 Bg7 17. Rad1 Bg4 18. Ne5 Bxe5 19. fxe5 Bxe2 20. Qxe2 b5 21. Qh5 Ra7 22. Rf6 Qe7 23. Nxd5 Qd8 24. Rxe6+ Kf8 25. Rxh6 1-0

[Event "SLO-CupT"]
[Site "Novo Mesto"]
[Date "2015.03.27"]
[Round "1"]
[White "Mejak, Severin"]
[Black "Dobrovoljc, Vid"]
[Result "1-0"]
[WhiteElo "2251"]
[BlackElo "1807"]
[PlyCount "79"]
[EventDate "2015.03.27"]
[EventType "team-swiss"]
[EventRounds "5"]
[EventCountry "SLO"]
[SourceTitle "EXT 2019"]
[Source "ChessBase"]
[SourceDate "2018.10.10"]
[SourceVersion "1"]
[SourceVersionDate "2018.10.10"]
[SourceQuality "1"]
[WhiteTeam "Novo Mesto Krka"]
[BlackTeam "Novo Mesto Krka II"]
[WhiteTeamCountry "SLO"]
[BlackTeamCountry "SLO"]

1. d4 Nf6 2. c4 g6 3. Nf3 Bg7 4. g3 0-0 5. Bg2 c6 6. 0-0 d6 7. Nc3 Qa5 8. h3 e5 9. e4 Nbd7 10. Re1 Re8 11. Be3 exd4 12. Nxd4 Ne5 13. Bf1 c5 14. Ndb5 Be6 15. f4 Nxc4 16. Bxc4 Bxc4 17. Nxd6 Qb4 18. a3 Qxb2 19. Nxc4 Qxc3 20. Rc1 Nxe4 21. Rxc3 Bxc3 22. Re2 b5 23. Nd6 Nxg3 24. Qd5 Nxe2+ 25. Kf2 Red8 26. Kxe2 b4 27. Qxf7+ Kh8 28. Bxc5 a5 29. Qd5 Kg7 30. Kf3 Rab8 31. Qf7+ Kh8 32. Ne4 Bg7 33. Ng5 b3 34. Ne6 Rg8 35. Nxg7 Rxg7 36. Bd4 Rbg8 37. Qxb3 h6 38. Qb5 Kh7 39. Bxg7 Rxg7 40. Qxa5 1-0

[Event "Ljubljana-chT 68th Superliga"]
[Site "Ljubljana"]
[Date "2015.02.19"]
[Round "6.1"]
[White "Jukan, Nesib"]
[Black "Mejak, Severin"]
[Result "0-1"]
[WhiteElo "2010"]
[BlackElo "2251"]
[PlyCount "74"]
[EventDate "2015.01.08"]
[EventType "team-tourn"]
[EventRounds "9"]
[EventCountry "SLO"]
[SourceTitle "EXT 2022"]
[Source "ChessBase"]
[SourceDate "2021.10.06"]
[SourceVersion "1"]
[SourceVersionDate "2021.10.06"]
[SourceQuality "1"]
[WhiteTeam "Trzin Buscotrade"]
[BlackTeam "Loka pri Mengsu"]
[WhiteTeamCountry "SLO"]
[BlackTeamCountry "SLO"]

1. Nf3 g6 2. d4 Bg7 3. c4 d6 4. e4 Nd7 5. Nc3 e5 6. Be3 Ne7 7. Bd3 0-0 8. 0-0 h6 9. Qd2 Kh7 10. Rac1 f5 11. Qc2 f4 12. Bd2 g5 13. c5 g4 14. Nh4 Nc6 15. Nf5 Nxd4 16. Nxd4 exd4 17. Nd5 Be5 18. cxd6 c6 19. Ne7 Rf6 20. Nf5 Nf8 21. Qc5 Ng6 22. g3 Bd7 23. gxf4 Bxf4 24. Bxf4 Nxf4 25. Qxd4 Bxf5 26. exf5 Qxd6 27. Qe3 Nxd3 28. Rcd1 Rxf5 29. Rxd3 Qf6 30. Rd7+ Kh8 31. Rfd1 Rf3 32. Qe4 Rf5 33. R1d6 Qg5 34. Rxh6+ Qxh6 35. Qxf5 Re8 36. Rxb7 Re1+ 37. Kg2 Qh3# 0-1

[Event "Ljubljana-chT 68th Superliga"]
[Site "Ljubljana"]
[Date "2015.01.15"]
[Round "2.1"]
[White "Janzelj, Lara"]
[Black "Mejak, Severin"]
[Result "1-0"]
[WhiteElo "2008"]
[BlackElo "2251"]
[PlyCount "135"]
[EventDate "2015.01.08"]
[EventType "team-tourn"]
[EventRounds "9"]
[EventCountry "SLO"]
[SourceTitle "EXT 2022"]
[Source "ChessBase"]
[SourceDate "2021.10.06"]
[SourceVersion "1"]
[SourceVersionDate "2021.10.06"]
[SourceQuality "1"]
[WhiteTeam "Ig"]
[BlackTeam "Loka pri Mengsu"]
[WhiteTeamCountry "SLO"]
[BlackTeamCountry "SLO"]

1. d4 d5 2. Nf3 Nf6 3. c4 e6 4. Nc3 Be7 5. Bg5 0-0 6. e3 h6 7. Bh4 Ne4 8. Bxe7 Qxe7 9. Bd3 Nxc3 10. bxc3 dxc4 11. Bxc4 Nd7 12. 0-0 e5 13. Re1 e4 14. Nd2 Nf6 15. Qc2 c6 16. Bb3 Bf5 17. Nf1 Rad8 18. Ng3 Bc8 19. c4 Rfe8 20. Ba4 a6 21. Red1 h5 22. Ne2 h4 23. h3 Nh5 24. Nf4 Qg5 25. Nxh5 Qxh5 26. Rd2 Rd6 27. Kh2 Rg6 28. Rg1 Qf5 29. d5 Qe5+ 30. Kh1 Qg5 31. Kh2 Re5 32. dxc6 bxc6 33. Qd1 Be6 34. Qe2 Qf6 35. Bc2 Rf5 36. Kh1 Qe5 37. Rd4 Qf6 38. Rd2 Re5 39. Kh2 c5 40. Ra1 Rf5 41. Kh1 Qe5 42. Rg1 Rfg5 43. f4 exf3 44. Qxf3 Bf5 45. Rd5 Bxc2 46. Rxe5 Rxe5 47. Rf1 Be4 48. Qxf7+ Kh7 49. Rf2 Reg5 50. Rf4 Bxg2+ 51. Kh2 Rh6 52. Rg4 Rxg4 53. hxg4 h3 54. Qf5+ Kg8 55. Qxc5 Rf6 56. g5 Rf2 57. e4 Rc2 58. Qc8+ Kh7 59. Qf5+ Kh8 60. Kg3 Rc3+ 61. Kh2 Rc2 62. Qe5 Bf1+ 63. Kg1 h2+ 64. Kh1 Bxc4 65. g6 Re2 66. Qf5 Rc2 67. Qc8+ Bg8 68. Qxc2 1-0

[Event "SLO-chT 24th"]
[Site "Slovenia"]
[Date "2014.12.13"]
[Round "8.1"]
[White "Mejak, Severin"]
[Black "Rusjan, Miran"]
[Result "1/2-1/2"]
[WhiteElo "2192"]
[BlackElo "2237"]
[PlyCount "119"]
[EventDate "2014.11.14"]
[EventType "team-tourn"]
[EventRounds "9"]
[EventCountry "SLO"]
[SourceTitle "EXT 2016"]
[Source "ChessBase"]
[SourceDate "2015.10.08"]
[SourceVersion "1"]
[SourceVersionDate "2015.10.08"]
[SourceQuality "1"]
[WhiteTeam "Novo Mesto Krka"]
[BlackTeam "Nova Gorica"]
[WhiteTeamCountry "SLO"]
[BlackTeamCountry "SLO"]

1. d4 Nf6 2. c4 e6 3. Nf3 d5 4. g3 c6 5. Qc2 Bd6 6. Bg2 0-0 7. 0-0 Nbd7 8. Bf4 Bxf4 9. gxf4 Nh5 10. e3 f5 11. Qe2 h6 12. Nbd2 b6 13. cxd5 cxd5 14. Kh1 a5 15. Rg1 Ba6 16. Qd1 Nhf6 17. Bf1 Ne4 18. Nxe4 dxe4 19. Bxa6 Rxa6 20. Ne5 Nxe5 21. dxe5 Qxd1 22. Rgxd1 b5 23. Rac1 Rf7 24. Rc8+ Kh7 25. Rb8 b4 26. Rc8 Rb7 27. Rc5 Kg6 28. Kg2 Kf7 29. Kf1 Ke7 30. Rc8 Raa7 31. Rc6 Rc7 32. Rdd6 Rxc6 33. Rxc6 Kd7 34. Rd6+ Ke7 35. Rc6 Kd7 36. Rc5 g5 37. Ke1 Rc7 38. Rxa5 Rc1+ 39. Kd2 Rf1 40. Ke2 Rb1 41. b3 Rb2+ 42. Kf1 gxf4 43. exf4 e3 44. fxe3 Rxh2 45. Ra4 h5 46. Kg1 Re2 47. Rxb4 Rxa2 48. Rb7+ Kc6 49. Rh7 Re2 50. Rxh5 Rxe3 51. Kf2 Rxb3 52. Rh1 Kd5 53. Re1 Kd4 54. Re2 Ra3 55. Re1 Rd3 56. Re2 Rd1 57. Kf3 Rf1+ 58. Kg3 Rg1+ 59. Kf3 Rf1+ 60. Kg3 1/2-1/2

[Event "SLO-chT 24th"]
[Site "Slovenia"]
[Date "2014.11.14"]
[Round "1.2"]
[White "Mejak, Severin"]
[Black "Velickovic, Zoran"]
[Result "0-1"]
[WhiteElo "2192"]
[BlackElo "2400"]
[PlyCount "62"]
[EventDate "2014.11.14"]
[EventType "team-tourn"]
[EventRounds "9"]
[EventCountry "SLO"]
[SourceTitle "EXT 2016"]
[Source "ChessBase"]
[SourceDate "2015.10.08"]
[SourceVersion "1"]
[SourceVersionDate "2015.10.08"]
[SourceQuality "1"]
[WhiteTeam "Novo Mesto Krka"]
[BlackTeam "Branik"]
[WhiteTeamCountry "SLO"]
[BlackTeamCountry "SLO"]

1. c4 c5 2. Nc3 g6 3. g3 Bg7 4. Bg2 Nc6 5. e3 d6 6. Nge2 e5 7. 0-0 Nge7 8. a3 0-0 9. Rb1 a5 10. Nd5 Nxd5 11. cxd5 Ne7 12. b4 axb4 13. axb4 b6 14. bxc5 bxc5 15. d4 exd4 16. exd4 c4 17. Be3 Nf5 18. Rc1 Ra3 19. Rc3 Rxc3 20. Nxc3 Re8 21. Re1 Nxd4 22. Bxd4 Rxe1+ 23. Qxe1 Bxd4 24. Nb5 Bc5 25. Bf1 Ba6 26. Bxc4 Qb6 27. Qe8+ Kg7 28. Qc6 Qa5 29. Nxd6 Qe1+ 30. Kg2 Qxf2+ 31. Kh3 Bxc4 0-1

[Event "SLO-chT U20"]
[Site "Bled"]
[Date "2014.08.25"]
[Round "4.1"]
[White "Mejak, Severin"]
[Black "Lucovnik, Tilen"]
[Result "1/2-1/2"]
[WhiteElo "2177"]
[BlackElo "2001"]
[PlyCount "49"]
[EventDate "2014.08.23"]
[EventType "team-tourn"]
[EventRounds "7"]
[EventCountry "SLO"]
[SourceTitle "EXT 2022"]
[Source "ChessBase"]
[SourceDate "2021.10.06"]
[SourceVersion "1"]
[SourceVersionDate "2021.10.06"]
[SourceQuality "1"]
[WhiteTeam "Novo Mesto Krka U20"]
[BlackTeam "Komenda SK U20"]
[WhiteTeamCountry "SLO"]
[BlackTeamCountry "SLO"]

1. c4 b6 2. d4 e6 3. Nf3 Bb7 4. g3 f5 5. Bg2 Bb4+ 6. Nbd2 Nf6 7. 0-0 Bxd2 8. Bxd2 0-0 9. d5 Qe7 10. Nd4 Ne4 11. Be3 c6 12. dxe6 c5 13. Nb5 dxe6 14. f3 Rd8 15. Qc2 Nd6 16. Nxd6 Rxd6 17. Rad1 Rxd1 18. Rxd1 Nc6 19. Rd2 Rd8 20. Qd1 Rxd2 21. Qxd2 Qd8 22. f4 Qxd2 23. Bxd2 Nd8 24. Bxb7 Nxb7 25. b3 1/2-1/2

[Event "SLO-ch op"]
[Site "Ljubljana"]
[Date "2014.07.06"]
[Round "3"]
[White "Hrescak, Ivana"]
[Black "Mejak, Severin"]
[Result "0-1"]
[WhiteElo "1946"]
[BlackElo "2180"]
[PlyCount "186"]
[EventDate "2014.07.04"]
[EventType "swiss"]
[EventRounds "9"]
[EventCountry "SLO"]
[SourceTitle "EXT 2019"]
[Source "ChessBase"]
[SourceDate "2018.10.10"]
[SourceVersion "1"]
[SourceVersionDate "2018.10.10"]
[SourceQuality "1"]

1. d4 d5 2. c4 e6 3. Nc3 c6 4. Nf3 dxc4 5. a4 Bb4 6. e3 b5 7. Bd2 a5 8. axb5 Bxc3 9. Bxc3 cxb5 10. b3 Bb7 11. bxc4 b4 12. Bb2 Nf6 13. Bd3 Nbd7 14. 0-0 0-0 15. Qc2 Qc7 16. Rfc1 Qc6 17. Qd2 Rfb8 18. Bc2 h6 19. Ba4 Qe4 20. Ne1 Nb6 21. f3 Qh4 22. Bb5 Ne8 23. c5 Nc7 24. Bf1 Nbd5 25. e4 Ne7 26. Nc2 f5 27. g3 Qh5 28. Bg2 fxe4 29. fxe4 Bc6 30. Qf4 Rb7 31. Qd6 Qe8 32. Qe5 Ng6 33. Qh5 Ne7 34. Qe5 Qg6 35. Ne3 Qf6 36. Qxf6 gxf6 37. Ng4 f5 38. Nxh6+ Kh7 39. Nf7 a4 40. Nd6 Rbb8 41. Rf1 Nb5 42. Nxb5 Rxb5 43. Rfe1 a3 44. Bc1 Rba5 45. Bd2 b3 46. Bxa5 Rxa5 47. Reb1 b2 48. Rxa3 Rxa3 49. Rxb2 fxe4 50. Rb1 Rd3 51. Re1 Rxd4 52. Kf2 Rc4 53. h3 Kg6 54. Ke3 Kf5 55. h4 Kg4 56. Bf1 Rc3+ 57. Kd4 Rxg3 58. Ke5 Bd5 59. Kd6 Nf5+ 60. Kd7 Rc3 61. Bg2 Ng3 62. Kd6 Kxh4 63. Ra1 Nf5+ 64. Ke5 Rxc5 65. Bxe4 Bxe4+ 66. Kxe4 Kg5 67. Rg1+ Kf6 68. Ra1 Rc4+ 69. Kd3 Rh4 70. Ra6 Ne7 71. Ra1 Nd5 72. Rf1+ Ke5 73. Ra1 Rh3+ 74. Ke2 Nc3+ 75. Kd2 Ne4+ 76. Ke2 Nd6 77. Rd1 Nf5 78. Rb1 Nd4+ 79. Kd2 Kd5 80. Rb8 e5 81. Rd8+ Ke4 82. Ra8 Rd3+ 83. Ke1 Ke3 84. Ra5 e4 85. Ra8 Rb3 86. Kf1 Rb1+ 87. Kg2 Rb2+ 88. Kg3 Kd3 89. Ra3+ Nb3 90. Ra8 e3 91. Rd8+ Nd4 92. Re8 e2 93. Kf2 Rb1 0-1

[Event "SLO-ch U20"]
[Site "Smarjeske Toplice"]
[Date "2014.06.29"]
[Round "8"]
[White "Brcar, Ales"]
[Black "Mejak, Severin"]
[Result "1-0"]
[WhiteElo "2050"]
[BlackElo "2180"]
[PlyCount "71"]
[EventDate "2014.06.24"]
[EventType "swiss"]
[EventRounds "9"]
[EventCountry "SLO"]
[SourceTitle "EXT 2019"]
[Source "ChessBase"]
[SourceDate "2018.10.10"]
[SourceVersion "1"]
[SourceVersionDate "2018.10.10"]
[SourceQuality "1"]

1. d4 Nf6 2. c4 c5 3. d5 e6 4. Nc3 exd5 5. cxd5 d6 6. e4 g6 7. f3 Bg7 8. Bg5 0-0 9. Qd2 Re8 10. Nge2 a6 11. a4 Nbd7 12. Ng3 Rb8 13. Be2 Qc7 14. Rc1 Qa5 15. 0-0 b5 16. axb5 axb5 17. b3 Ba6 18. Ra1 Qb6 19. Be3 Ra8 20. b4 Qb7 21. Ra5 c4 22. Bd4 Rec8 23. Rfa1 Nc5 24. Bxc4 bxc4 25. bxc5 dxc5 26. Bxc5 Rxc5 27. Rxc5 Qb6 28. Qf2 Nd7 29. Rxc4 Qb3 30. Rc6 Bxc3 31. Rcxa6 Rxa6 32. Rxa6 Qd1+ 33. Qf1 Be1 34. Ra3 Ne5 35. Re3 Qd4 36. Qxe1 1-0

[Event "SLO-ch U20"]
[Site "Smarjeske Toplice"]
[Date "2014.06.28"]
[Round "6"]
[White "Mejak, Severin"]
[Black "Janzelj, Tim"]
[Result "1-0"]
[WhiteElo "2180"]
[BlackElo "2330"]
[PlyCount "67"]
[EventDate "2014.06.24"]
[EventType "swiss"]
[EventRounds "9"]
[EventCountry "SLO"]
[SourceTitle "EXT 2019"]
[Source "ChessBase"]
[SourceDate "2018.10.10"]
[SourceVersion "1"]
[SourceVersionDate "2018.10.10"]
[SourceQuality "1"]

1. c4 Nf6 2. Nc3 g6 3. g3 Bg7 4. Bg2 0-0 5. e4 d6 6. Nge2 c5 7. 0-0 Nc6 8. d3 a6 9. h3 Rb8 10. Be3 b5 11. b3 b4 12. Nd5 Nxd5 13. exd5 Na5 14. Rc1 Nb7 15. d4 a5 16. dxc5 dxc5 17. Nf4 Qc7 18. Qe2 a4 19. Rfd1 Rd8 20. g4 Rd6 21. Nd3 axb3 22. axb3 Ra8 23. Bf4 Ra3 24. Nxb4 cxb4 25. c5 Nxc5 26. Qb5 Bd7 27. Rxc5 Bxb5 28. Rxc7 Rd8 29. Rxe7 Rxb3 30. d6 Bf8 31. Rb7 Bc4 32. d7 Rd3 33. Rxd3 Bxd3 34. Bg5 1-0